| 000 -LEADER |
| fixed length control field |
00978nam a22002537a 4500 |
| 008 - FIXED-LENGTH DATA ELEMENTS--GENERAL INFORMATION |
| fixed length control field |
150713b xxu||||| |||| 00| 0 eng d |
| 020 ## - INTERNATIONAL STANDARD BOOK NUMBER |
| International Standard Book Number |
9780521182430 |
| 020 ## - INTERNATIONAL STANDARD BOOK NUMBER |
| International Standard Book Number |
9780521768771 |
| 041 0# - LANGUAGE CODE |
| Language code of text/sound track or separate title |
eng |
| 080 ## - UNIVERSAL DECIMAL CLASSIFICATION NUMBER |
| Universal Decimal Classification number |
658.4 |
| 100 ## - Rafti |
| Rafti |
Masson, Pascal Le ; Weil, Benoit ; Hatchuel, Armand ; |
| 240 10 - UNIFORM TITLE |
| Uniform title |
<a href="Processus d'innovation.">Processus d'innovation.</a> |
| Language of a work |
English |
| 245 10 - TITLE STATEMENT |
| Title |
Strategic management of innovation and design / |
| Statement of responsibility, etc |
Pascal Le Masson, Benoit Weil, Armand Hatchuel ; foreword by Paul Rivier and Marc Maurer ; afterword by Jacques Lacambre and Dominique Levent ; translated from "Les processus d'innovation" by Alison Bissery and adapted by the authors. |
| 260 ## - |
| -- |
Cambridge ; |
| -- |
New York : |
| -- |
Cambridge University Press, |
| -- |
2010. |
| 300 ## - |
| -- |
xxxv, 450 p. : |
| -- |
me il. ; |
| -- |
25 cm. |
| 505 ## - |
| -- |
Index : f. 438-450 |
| 650 #0 - |
| -- |
Risi |
| 650 #0 - |
| -- |
Teknologji |
| 650 #0 - |
| -- |
Organizim |
| 650 #0 - |
| -- |
Efektivitet |
| 700 1# - |
| -- |
Weil, Benoît |
| 700 1# - |
| -- |
Hatchuel, Armand. |
| 942 ## - ADDED ENTRY ELEMENTS (KOHA) |
| Source of classification or shelving scheme |
|
| Item type |
Books |